Les 18 "grands" fantômes de Luigi's Mansion 3 - Statistiques

Statistiques générales
  • Ce quiz a été pris 46 fois
  • Le résultat moyen est 12 sur 18
Statistiques - réponses
N° Étage Fantôme % Correct
Toit Le Roi Boo
79%
Étage 8 Oscar
79%
Sous-sol Peter le Porteur
79%
Étage B2 Lucien le Gardien
76%
Étage 5 Dominique la Domestique
72%
Étage 6 Charleminus
69%
Étage 4 Faust Knot
69%
Étage 2 Krem Brûlé
69%
Étage 3 Virgile le Vigile
69%
Étage 13 Walter Polo
69%
Étage 15 Ambre Brusquade
66%
Étage 10 Cléo Patatras
66%
Étages 7 et 8 Ectochat
66%
Étage 7 Professeur Foliane
66%
Étage 14 DJ Phantasmagloria
62%
Étage 9 Grut
55%
Étage 12 Capitaine Dents-de-Scie
48%
Étage 11 Nikki, Lindsey, et Ginny
41%
Aucun quiz correspondant
Distribution des résultats
% des personnes avec chaque résultat
Percentile par nombre de réponses
Votre historique - résultats
Vous n’avez pas pris ce quiz